00423 2200181 4500001002100000005001500021035002000036245004700056100001700103300001100120260004000131082000800171084001400179990001200193990001200205990001200217990001200229INLIS00000000000205720250527092924 a0010-05250003491 aPanduan Olahraga Bola Voli /cNuril Ahmadi0 aNuril Ahmadi a76 hlm aJakarta :bEra Pustaka Utama,c2007 a700 a700 NUR p a0712984 a0712985 a0712986 a0712987